Makina elemanları : (Record no. 15656)
| 000 -BAŞLIK | |
|---|---|
| Sabit Uzunluktaki Kontrol Alanı | 01078nam a22003017a 4500 |
| 001 - KONTROL NUMARASI | |
| Control Dosyası | 0015694 |
| 003 - KONTROL NUMARASI KİMLİĞİ | |
| Kontrol Alanı | KOHA_MİRAKIL |
| 005 - EN SON İŞLEM TARİHİ ve ZAMANI | |
| Kontrol Alanı | 20260207002038.0 |
| 007 - FİZİKSEL TANIM SABİT ALAN - GENEL BİLGİ | |
| Sabit uzunluklu kontrol alanı | ta |
| 008 - SABİT UZUNLUKTAKİ VERİ ÖGELERİ - GENEL BİLGİ | |
| Sabit Alan | 100329b1975 tu a|||gr||||#||||0|tur | |
| 040 ## - KATALOGLAMA KAYNAĞI | |
| Özgün Kataloglama Kurumu | TR-BiSEU |
| Kataloglama Dili | tur |
| Çeviri Kurumu | TR-BiSEU |
| Açıklama Kuralları | rda |
| 041 0# - DİL KODU | |
| Metin ya da ses kaydının dil kodu | tur |
| 044 ## - YAYINLAYAN/ÜRETEN KURULUŞUN ÜLKE KODU | |
| ISO country code | tu |
| 050 ## - SINIFLAMA ve YER NUMARASI | |
| Sınıflama Numarası | TJ243 |
| Yer Numarası | .O33 1975 |
| 100 1# - KİŞİ ADI | |
| Yazar Adı (Kişi adı) | Okday, Şefik. |
| 245 1# - ESER ADI BİLDİRİMİ | |
| Başlık | Makina elemanları : |
| Alt Eseradı vb. | Boru ve Kapama Armatürleri/ |
| Sorumluluk Bildirimi | Şefik Okday ; Şefik Okday. |
| 250 ## - BASIM BİLDİRİMİ | |
| Basım Bildirimi | 3. bs. |
| 264 #1 - ÜRERİM, YAYIN, DAĞITIM ve TELİF BİLDİRİMİ | |
| Yayın yeri | İstanbul : |
| Yayınlayan | Matbaa Teknisyenleri Basımevi |
| Yayın tarihi | 1975 |
| 300 ## - FİZİKSEL TANIMLAMA | |
| Sayfa, Cilt vb. | 400 sayfa, c.5 : |
| Diğer fiziki detaylar | resimli, tablo; 24 cm. |
| 336 ## - İÇERİK TÜRÜ | |
| Content type term | metin |
| Content type code | txt |
| Source | rdacontent |
| 337 ## - MEDYA TÜRÜ | |
| Media type term | aracısız |
| Media type code | n |
| Source | rdamedia |
| 338 ## - TAŞIYICI TÜRÜ | |
| Carrier type term | cilt |
| Carrier type code | nc |
| Source | rdacarrier |
| 500 ## - GENEL NOT | |
| Genel Not | Teknik Üniversiteler, Devlet Mühendislik ve Mimarlık Akademileri Öğrencileri, Konstrüktörler ve Mühendisler için. |
| 505 ## - İÇİNDEKİLER NOTU | |
| İçindekiler Notu | c.5 : Sürtünmeli çarklar, kademesiz hız ayar mekanizmaları,kayış-kasnaklar ve mafsallı zincirler. |
| 650 #0 - KONU BAŞLIĞI EK GİRİŞ - KONU TERİMİ | |
| Konusal terim veya coğrafi ad | Makine elemanları. |
| 9 (RLIN) | 1721 |
| 650 #0 - KONU BAŞLIĞI EK GİRİŞ - KONU TERİMİ | |
| Konusal terim veya coğrafi ad | Machine parts. |
| 9 (RLIN) | 2048 |
| 942 ## - EK GİRİŞ ÖGELERİ (KOHA) | |
| Source of classification or shelving scheme | Library of Congress Classification |
| Koha item type | Book |
| Materyal Türü | Kalıcı Konum | Mevcut Konum | Raf Yeri | Sınıflandırma Kaynağı | Edinim Bilgisi | Ana Konular | Alt Konular | Yer Numarası | Cilt Bilgisi | Demirbaş Numarası | Fatura Tarihi | Maliyet, Alış Fiyatı | Maliyet, Yenileme Fiyatı | Geri Çekilme Durumu | Kayıp Durumu | Hasarlı Durumu | Kredi için değil | Kayıt Tarih | Toplam Ödünçverme | Son Görülme Tarihi | Son Kontrol Tarihi | Genel / Bağış Notu |
|---|---|---|---|---|---|---|---|---|---|---|---|---|---|---|---|---|---|---|---|---|---|---|
| Book | Prof. Dr. Azmi Özcan Kütüphanesi | Prof. Dr. Azmi Özcan Kütüphanesi | Birûni Salonu | Library of Congress Classification | Bağış | TEKNOLOJİ | Makine Mühendisliği ve Makineler | TJ243 .O33 1975 | c.5 | 0015694 | 13/08/2010 | 3.00 | 3.00 | 29/03/2010 | 05/12/2024 | 05/12/2024 | Genel Bağış |
